[Event "Moia op 4th"]
[Site "Moia"]
[Date "2015.10.09"]
[Round "4"]
[White "Carvajal Rodriguez, Juan"]
[Black "Iglesias Vila, Carles"]
[Result "0-1"]
[WhiteElo "1733"]
[BlackElo "1850"]
[PlyCount "50"]
[EventDate "2015.09.18"]
[EventType "swiss"]
[EventRounds "8"]
[EventCountry "ESP"]
[SourceTitle "EXT 2017"]
[Source "ChessBase"]
[SourceDate "2016.10.25"]
[SourceVersion "1"]
[SourceVersionDate "2016.10.25"]
[SourceQuality "1"]

1. e4 d5 2. exd5 Qxd5 3. Nc3 Qa5 4. d4 c6 5. Be3 Qc7 6. Bc4 Nf6 7. Nf3 Bg4 8. Bxf7+ Kxf7 9. Ne5+ Qxe5 10. dxe5 Bxd1 11. exf6 Bxc2 12. Rc1 Bd3 13. fxg7 Bxg7 14. Bf4 e5 15. Bg3 Nd7 16. Rd1 Bf5 17. 0-0 Rad8 18. Rfe1 Rhe8 19. Re2 e4 20. Rde1 Nc5 21. Bf4 Bxc3 22. bxc3 Nd3 23. Bc7 Rd7 24. Rd1 Rxc7 25. f3 e3 0-1

[Event "Moia op 2nd"]
[Site "Moia"]
[Date "2013.10.25"]
[Round "6"]
[White "Mas Sayos, Lluis"]
[Black "Iglesias Vila, Carles"]
[Result "1-0"]
[WhiteElo "1711"]
[BlackElo "1804"]
[PlyCount "61"]
[EventDate "2013.09.20"]
[EventType "swiss"]
[EventRounds "8"]
[EventCountry "ESP"]
[SourceTitle "EXT 2015"]
[Source "ChessBase"]
[SourceDate "2014.11.20"]
[SourceVersion "1"]
[SourceVersionDate "2014.11.20"]
[SourceQuality "1"]

1. e4 d5 2. exd5 Qxd5 3. Nc3 Qa5 4. d4 c6 5. Bd2 Qc7 6. Bd3 Nf6 7. h3 g6 8. g4 Bg7 9. Nf3 Nbd7 10. Be3 b6 11. Qd2 Bb7 12. Bf4 Qd8 13. Be2 h6 14. Rg1 g5 15. Be3 Nd5 16. Nxd5 cxd5 17. h4 f6 18. Qd3 Nf8 19. hxg5 hxg5 20. 0-0-0 Qd7 21. Nd2 0-0-0 22. f4 gxf4 23. Bxf4 Ne6 24. Be3 Bh6 25. Nf3 Nf4 26. Bxf4 Bxf4+ 27. Kb1 Kb8 28. g5 fxg5 29. Nxg5 Bxg5 30. Rxg5 Rhg8 31. Qg3+ 1-0

[Event "Moia op 1st"]
[Site "Moia"]
[Date "2013.06.30"]
[Round "7"]
[White "Iglesias Vila, Carles"]
[Black "Cirera Rosell, Miquel"]
[Result "1-0"]
[WhiteElo "1736"]
[BlackElo "1700"]
[PlyCount "33"]
[EventDate "2013.05.19"]
[EventType "swiss"]
[EventRounds "8"]
[EventCountry "ESP"]
[SourceTitle "EXT 2014"]
[Source "ChessBase"]
[SourceDate "2013.11.20"]
[SourceVersion "1"]
[SourceVersionDate "2013.11.20"]
[SourceQuality "1"]

1. e4 e5 2. Nf3 Nc6 3. d4 exd4 4. Nxd4 Nxd4 5. Qxd4 a6 6. a3 h6 7. Bc4 Qe7 8. Nd2 d6 9. 0-0 Be6 10. Bd3 0-0-0 11. Qa7 Qg5 12. Nb3 Qg4 13. Nd4 d5 14. Qa8+ Kd7 15. Qxb7 Bd6 16. Qc6+ Kc8 17. Bxa6+ 1-0